American corporate identity 2003

Bibliographic Details
Other Authors: Carter, David E.
Format: Book
Language:English
Published: New York : HBI , c2002
Subjects:

MARC

LEADER 00000cam a2200000 7i4500
001 0000013827
005 20230512.0
008 031105 nyu eng
020 |a 0060081252 (hbk) 
040 |a INS 
090 0 0 |a T223.V1   |b .A43 2002 
245 0 0 |a American corporate identity 2003   |c edited by David E. Carter 
260 |a New York :   |b HBI ,   |c c2002 
300 |a 320 p. :   |b ill. ;   |c 29 cm. 
500 |a Includes index 
650 0 |a Trademarks   |x United states   |y Periodicals 
700 1 |a Carter, David E. 
999 |a 0000011384   |b BOOK   |c Open Shelf   |e Default branch